000 00682nam a2200205Ia 4500
001 5054
003 GE_BSU
008 181216s||||||||xx |||||||||||||| ||und||
040 _cGE_BSU
080 _a629.113.004(075)
245 _aТехнология авторемонтного производства.
245 _bУчебник.
245 _cПод ред. К.Т.Кошкина. Ред. В.И.Яблоков.
260 _aМ.
260 _bТранспорт.
260 _c1969.
300 _a568 стр. с илл. 22 см. Библиогр.: стр. 565-566.
653 _aТехнология авторемонтного производства.
942 _cBK
999 _c38737
_d38737